La investigación y los recursos mineros en España (Registro nro. 5518)

Detalles MARC
000 -LEADER
fixed length control field 00946 a2200253 4500
001 - CONTROL NUMBER
control field 54357
005 - DATE AND TIME OF LATEST TRANSACTION
control field 20260407155816.0
008 - FIXED-LENGTH DATA ELEMENTS--GENERAL INFORMATION
fixed length control field 260407a1970 arg spa d
003 - CONTROL NUMBER IDENTIFIER
control field AR-UNSa-BCEJYS
040 ## - CATALOGING SOURCE
Original cataloging agency AR-UNSa-BCEJYS
Language of cataloging spa
Transcribing agency AR-UNSa-BCEJYS
080 ## - UNIVERSAL DECIMAL CLASSIFICATION NUMBER
Universal Decimal Classification number 622
Common auxiliary subdivision Minería
041 ## - LANGUAGE CODE
Language code of text/sound track or separate title spa
100 1# - MAIN ENTRY--PERSONAL NAME
Personal name Guereca Tosantos, Luis
245 10 - TITLE STATEMENT
Title La investigación y los recursos mineros en España
264 #1 - PRODUCTION, PUBLICATION, DISTRIBUTION, MANUFACTURE, AND COPYRIGHT NOTICE
Place of production, publication, distribution, manufacture Madrid :
Name of producer, publisher, distributor, manufacturer Escuela Nacional de Administración Pública
Date of production, publication, distribution, manufacture, or copyright notice 1970
300 ## - PHYSICAL DESCRIPTION
Extent 370 p.
Dimensions 22 cm.
505 ## - FORMATTED CONTENTS NOTE
Formatted contents note 1. Introducción - 2. Importancia de la mineria en España - 3. La investigación por organismos públicos y empresas privadas - 4. Recursos mdisponibles en España - 5. Anexos
590 ## - LOCAL NOTE (RLIN)
Local note niveau_biblio:m niveau_hierar:0
700 1# - ADDED ENTRY--PERSONAL NAME
Personal name Jaraiz Pérez, Octaviano
700 1# - ADDED ENTRY--PERSONAL NAME
Personal name López González, Arcadio
700 1# - ADDED ENTRY--PERSONAL NAME
Personal name Herrero Murcia, Francisco Javier
700 1# - ADDED ENTRY--PERSONAL NAME
Personal name Fernandez-Cavada Royo-Villanova, Luis A.
942 ## - ADDED ENTRY ELEMENTS (KOHA)
Koha item type
Existencias
Withdrawn status Lost status Damaged status Not for loan Home library Current library Shelving location Date acquired Total checkouts Full call number Barcode Date last seen Price effective from Koha item type
        Biblioteca Prof. Eusebio Cleto del Rey Biblioteca Prof. Eusebio Cleto del Rey   07/04/2026   622 G931 L58100 07/04/2026 07/04/2026 Libro